[Event "Chigorin Memorial 24th"]
[Site "St Petersburg"]
[Date "2016.10.20"]
[Round "6"]
[White "Valov, Vasilii"]
[Black "Ageeva, Vasilisa"]
[Result "0-1"]
[WhiteElo "1779"]
[BlackElo "1556"]
[PlyCount "92"]
[EventDate "2016.10.15"]
[EventType "swiss"]
[EventRounds "9"]
[EventCountry "RUS"]
[SourceTitle "CBM 175 Extra"]
[Source "ChessBase"]
[SourceDate "2016.12.12"]
[SourceVersion "1"]
[SourceVersionDate "2016.12.12"]
[SourceQuality "1"]

1. e4 c5 2. Nf3 e6 3. d4 cxd4 4. Nxd4 Nf6 5. Nc3 Nc6 6. Be3 Bb4 7. Bd3 d5 8. Nxc6 bxc6 9. Bd2 0-0 10. e5 Nd7 11. f4 Qh4+ 12. g3 Qh3 13. Bf1 Qf5 14. h4 Qg6 15. Qf3 Qxc2 16. Bd3 Qxb2 17. Rb1 Qa3 18. Nxd5 Bxd2+ 19. Kd1 Qa4+ 20. Bc2 Qa5 21. Bxh7+ Kh8 22. Qh5 Bxf4 23. gxf4 Nf6 24. exf6 Qxd5+ 25. Qxd5 cxd5 26. fxg7+ Kxg7 27. Bd3 Rh8 28. Ke2 Kf6 29. Ke3 Ke7 30. Kd4 Kd6 31. h5 Rh6 32. Rbg1 Bd7 33. Rg7 Rah8 34. Rxf7 Rxh5 35. Rb1 Rh4 36. Rb7 Bc6 37. Rxa7 e5+ 38. Kc3 Rxf4 39. Rg7 Rf6 40. Rgc7 e4 41. Rxc6+ Kxc6 42. Ra6+ Kc5 43. Rxf6 exd3 44. Kxd3 Ra8 45. Rf5 Rxa2 46. Rxd5+ Kxd5 0-1

[Event "Chigorin Memorial 24th"]
[Site "St Petersburg"]
[Date "2016.10.16"]
[Round "2"]
[White "Valov, Vasilii"]
[Black "Bimiev, Ahmad"]
[Result "0-1"]
[WhiteElo "1779"]
[BlackElo "2076"]
[PlyCount "84"]
[EventDate "2016.10.15"]
[EventType "swiss"]
[EventRounds "9"]
[EventCountry "RUS"]
[SourceTitle "CBM 175 Extra"]
[Source "ChessBase"]
[SourceDate "2016.12.12"]
[SourceVersion "1"]
[SourceVersionDate "2016.12.12"]
[SourceQuality "1"]

1. e4 e5 2. Nf3 Nc6 3. c3 Nf6 4. d4 d5 5. exd5 Qxd5 6. dxe5 Qxd1+ 7. Kxd1 Ng4 8. Ke1 Ngxe5 9. Nxe5 Nxe5 10. f4 Ng6 11. Be3 Bd6 12. g3 0-0 13. Bg2 Ne7 14. Nd2 Nf5 15. Nc4 Be6 16. Be4 Nxe3 17. Nxe3 Rae8 18. Kd2 Bc5 19. Rhe1 Rd8+ 20. Kc2 Rfe8 21. Ng2 c6 22. f5 Bc4 23. b3 Rxe4 24. bxc4 Rxc4 25. Kb3 Rg4 26. Rad1 Rxd1 27. Rxd1 Kf8 28. Rd7 b5 29. Rc7 Bg1 30. Rxc6 Bxh2 31. Rc8+ Ke7 32. Rc7+ Kf6 33. Rxa7 Bxg3 34. Rb7 Bf2 35. Rxb5 Rxg2 36. a4 h5 37. a5 h4 38. a6 h3 39. Rb8 Rg1 40. Rh8 Ra1 41. Rxh3 Rxa6 42. Kc4 Ra5 0-1